Use of the Videocoference in the International Cooperation of High Schools

Salvato in:
Dettagli Bibliografici
Autore principale: Kultan, Jaroslav, 1960-
Natura: Capitolo di libro
Lingua:inglese
Tags: Aggiungi Tag
Nessun Tag, puoi essere il primo ad aggiungerne!!

MARC

LEADER 00000naa$a2200000$$$4500
001 0102016
005 20240502083246.4
041 0 |a eng 
044 |a UA 
245 1 0 |a Use of the Videocoference in the International Cooperation of High Schools  |c Jaroslav Kultan 
100 1 |a Kultan, Jaroslav, 1960-